[Event "Challenge4"]
[Site "http://www.queenalice.com/game.php?id=842628"]
[Date "2010.10.6"]
[Round "-"]
[White "vpopa"]
[Black "xerxe"]
[Result "1-0"]
[WhiteElo "1705"]
[BlackElo "1888"]

1. e4 c5 2. Nc3 e6 3. Bc4 Nc6 4. Nf3 Nf6 5. h3 d5 6. exd5 exd5 7. Be2 Bd6 8. a3
d4 9. Nb5 O-O 10. Nxd6 Qxd6 11. O-O Ne4 12. d3 Ng3 13. fxg3 Qxg3 14. Qe1 Qg6 15.
Nh4 Qe6 16. Bg4 Qxe1 17. Rxe1 Bxg4 18. hxg4 Rfe8 19. Bd2 Re5 20. Rxe5 Nxe5 21.
g5 g6 22. Re1 Nd7 23. Kf2 Kg7 24. Re7 Rd8 25. Ba5 Nb6 26. Rxb7 1-0

[Event "Challenge5"]
[Site "http://www.queenalice.com/game.php?id=842629"]
[Date "2010.10.6"]
[Round "-"]
[White "vpopa"]
[Black "xerxe"]
[Result "1-0"]
[WhiteElo "1770"]
[BlackElo "1843"]

1. e4 d5 2. exd5 Nf6 3. c4 Bf5 4. Qf3 g6 5. Bd3 Bxd3 6. Qxd3 Bg7 7. h3 Qd6 8. a3
c6 9. Nc3 O-O 10. Nf3 Nbd7 11. b4 cxd5 12. O-O dxc4 13. Qxc4 Ne5 14. Qe2 Nd3 15.
Rb1 Nd5 16. Qxd3 Rac8 17. Nxd5 Rfd8 18. Nxe7+ Qxe7 19. Qb3 b5 20. Bb2 Qe4 21.
Bxg7 Kxg7 22. Rfe1 Qf4 23. Qe3 Qc4 24. Rbc1 Qxc1 25. Rxc1 Rxc1+ 26. Kh2 1-0

[Event "Challenge6"]
[Site "http://www.queenalice.com/game.php?id=842630"]
[Date "2010.10.6"]
[Round "-"]
[White "vpopa"]
[Black "xerxe"]
[Result "1-0"]
[WhiteElo "1749"]
[BlackElo "1874"]

1. e4 e5 2. Nf3 Nc6 3. Bb5 Bc5 4. O-O Nd4 5. Nxd4 exd4 6. d3 Ne7 7. f4 c6 8. Bc4
d5 9. exd5 Nxd5 10. h3 O-O 11. Nd2 Be6 12. Ne4 Bb6 13. f5 Bc8 14. Qf3 h6 15. g4
Nf6 16. Kg2 Bc7 17. h4 Nxe4 18. dxe4 Qd6 19. Bf4 Qxf4 20. Qxf4 Bxf4 21. Rxf4 g5
22. hxg5 hxg5 23. Rf2 Kg7 24. Kg3 f6 25. Rh1 c5 26. Rfh2 Rg8 27. Bxg8 1-0

[Event "Challenge10"]
[Site "http://www.queenalice.com/game.php?id=851321"]
[Date "2010.10.27"]
[Round "-"]
[White "vpopa"]
[Black "xerxe"]
[Result "0-1"]
[WhiteElo "1784"]
[BlackElo "1749"]

1. e4 e5 2. Bc4 Nf6 3. Nc3 c6 4. Nf3 d5 5. exd5 cxd5 6. Bb3 Bc5 7. Nxe5 Qe7 8.
d4 Bb4 9. O-O O-O 10. Nxd5 Nxd5 11. Bxd5 Qf6 12. Nxf7 Rxf7 13. Bxf7+ Qxf7 14. g3
Qd5 15. c3 Bh3 16. f3 Bxf1 17. Qxf1 Bd6 18. b4 Nd7 19. Bb2 Nb6 20. Qe2 Nc4 21.
Bc1 Rf8 22. f4 b5 23. a4 a6 24. axb5 axb5 25. Qg4 Qe4 26. Qd7 Qe1+ 27. Kg2 Qxc3
0-1

[Event "Challenge9"]
[Site "http://www.queenalice.com/game.php?id=851322"]
[Date "2010.10.27"]
[Round "-"]
[White "xerxe"]
[Black "vpopa"]
[Result "0-1"]
[WhiteElo "1742"]
[BlackElo "1789"]

1. e4 Nf6 2. Nc3 Nc6 3. Bc4 e6 4. d3 d5 5. exd5 exd5 6. Bb5 Bb4 7. Ne2 Bd7 8.
O-O O-O 9. Bg5 Be7 10. Re1 Nb4 11. Bxd7 Qxd7 12. a3 Nc6 13. Nf4 h6 14. Bxf6 Bxf6
15. Nfxd5 Nd4 16. Nxf6+ gxf6 17. Qh5 Rfe8 18. Rxe8+ Rxe8 19. Rc1 Qe6 20. h3 f5
21. Qh4 Qd6 22. Na4 b5 23. c3 Ne2+ 0-1

[Event "Challenge8"]
[Site "http://www.queenalice.com/game.php?id=851323"]
[Date "2010.10.27"]
[Round "-"]
[White "vpopa"]
[Black "xerxe"]
[Result "0-1"]
[WhiteElo "1803"]
[BlackElo "1728"]

1. Nf3 Nc6 2. e4 e5 3. Bb5 Nf6 4. d3 Bc5 5. h3 d6 6. Nc3 h6 7. a3 a6 8. Ba4 b5
9. Bb3 O-O 10. Nd5 Nxd5 11. Bxd5 Bd7 12. O-O Rb8 13. Be3 Nd4 14. c3 Nxf3+ 15.
Qxf3 Qe7 16. b4 Bxe3 17. fxe3 Kh8 18. Qh5 Be6 19. c4 bxc4 20. dxc4 Kh7 21. g4 g6
0-1

[Event "Challenge7"]
[Site "http://www.queenalice.com/game.php?id=851324"]
[Date "2010.10.27"]
[Round "-"]
[White "xerxe"]
[Black "vpopa"]
[Result "0-1"]
[WhiteElo "1742"]
[BlackElo "1767"]

1. e4 e5 2. Nf3 Nc6 3. Bc4 h6 4. c3 d6 5. h3 Nf6 6. Qe2 a6 7. a4 Na5 8. Ba2 b6
9. d4 c5 10. Nbd2 Bb7 11. d5 Be7 12. b4 cxb4 13. cxb4 b5 14. bxa5 Qxa5 15. O-O
Qxa4 16. Bb2 Qa5 17. Rfc1 O-O 18. Nh4 g6 19. Bb1 Qb6 20. Bd3 Nh5 21. Qg4 Bg5 22.
Nhf3 Bf4 23. Qd7 Bg3 24. Rf1 Rad8 25. Qg4 Kg7 26. Kh1 Bc8 27. Qxh5 gxh5 28. fxg3
a5 29. Bc3 a4 30. Rab1 Qe3 31. Ne1 Ba6 32. Ndf3 Ra8 33. Bb4 Qb6 34. Nh4 Bc8 35.
Be2 a3 36. Ra1 a2 37. Bxh5 Ra4 38. Nc2 Qc7 39. Rfc1 Qb6 40. Ba3 f5 41. Rxa2 Qf2
42. Kh2 f4 43. gxf4 Qxh4 0-1

[Event "boc1"]
[Site "http://www.queenalice.com/game.php?id=871042"]
[Date "2010.12.12"]
[Round "-"]
[White "xerxe"]
[Black "vpopa"]
[Result "1-0"]
[WhiteElo "1761"]
[BlackElo "1812"]

1. e4 e5 2. Nf3 d6 3. Bc4 h6 4. Nc3 Nf6 5. d3 a6 6. a4 Nc6 7. O-O Nd4 8. Nxd4
exd4 9. Nd5 Be6 10. Nxf6+ gxf6 11. Bxe6 fxe6 12. Qh5+ Kd7 13. f4 Qe7 14. f5 e5
15. Bd2 Bg7 16. Rf3 b6 17. Rg3 Rhg8 18. Bxh6 Bh8 19. Rg6 Qf7 20. Rg5 Qh7 21.
Rxg8 Rxg8 22. Qh3 Qf7 23. Bd2 Bg7 24. Rf1 Rh8 25. Qg4 Rg8 26. Qd1 Qf8 27. a5 b5
28. c4 c6 29. cxb5 cxb5 30. Qb3 Qe8 31. Qd5 1-0

[Event "boc2"]
[Site "http://www.queenalice.com/game.php?id=871043"]
[Date "2010.12.12"]
[Round "-"]
[White "vpopa"]
[Black "xerxe"]
[Result "1-0"]
[WhiteElo "1782"]
[BlackElo "1762"]

1. e4 e5 2. a3 Bc5 3. Nc3 d6 4. b4 Bb6 5. Nf3 f5 6. d3 Nf6 7. Nd5 fxe4 8. Nxb6
axb6 9. Ng5 exd3 10. Bxd3 h6 11. Bg6+ Ke7 12. Nf7 1-0

[Event "boc3"]
[Site "http://www.queenalice.com/game.php?id=871044"]
[Date "2010.12.12"]
[Round "-"]
[White "vpopa"]
[Black "xerxe"]
[Result "1-0"]
[WhiteElo "1797"]
[BlackElo "1770"]

1. e4 e5 2. Bc4 Nf6 3. Nc3 Bc5 4. h3 d6 5. Nf3 Be6 6. d4 Bxc4 7. dxc5 b6 8. cxd6
cxd6 9. b3 Ba6 10. Bb2 Qc7 11. Nd5 Nxd5 12. exd5 Nd7 13. c4 b5 14. O-O bxc4 15.
Rc1 Nb6 16. Re1 Qc5 17. Ng5 Qxd5 18. Qxd5 Nxd5 19. bxc4 f6 20. Ne6 1-0

[Event "boc4"]
[Site "http://www.queenalice.com/game.php?id=871045"]
[Date "2010.12.12"]
[Round "-"]
[White "xerxe"]
[Black "vpopa"]
[Result "1-0"]
[WhiteElo "1777"]
[BlackElo "1794"]

1. e4 d6 2. d4 Nc6 3. c4 e5 4. d5 Nd4 5. f4 f6 6. fxe5 fxe5 7. Nf3 Nxf3+ 8. Qxf3
Nf6 9. Bg5 h6 10. Bh4 g5 11. Bf2 Bg7 12. Nc3 a6 13. b4 Rf8 14. c5 g4 15. Qe3 c6
16. cxd6 Qxd6 17. Qc5 Qc7 18. b5 Nd7 19. d6 Qa5 20. Qe3 axb5 21. Be2 b4 22. Nd1
c5 23. O-O b5 24. Bxg4 c4 25. Qg3 Rg8 26. Bxd7+ Kxd7 27. Qg6 Bb7 28. Ne3 Raf8
29. Bh4 Qa8 30. Rf7+ Rxf7 31. Qxf7+ 1-0

[Event "ia de la basescu"]
[Site "http://www.queenalice.com/game.php?id=888247"]
[Date "2011.1.19"]
[Round "-"]
[White "vpopa"]
[Black "xerxe"]
[Result "1-0"]
[WhiteElo "1794"]
[BlackElo "1777"]

1. e4 e5 2. Nf3 Nc6 3. Bb5 a6 4. Ba4 Nf6 5. Qe2 b5 6. Bb3 Bc5 7. Ng5 d5 8. exd5
Nxd5 9. Qf3 Be6 10. Nxe6 fxe6 11. Nc3 Rf8 12. Qh5+ g6 13. Qh3 Qf6 14. f3 Nxc3
15. bxc3 O-O-O 16. d3 Rde8 17. Bb2 e4 18. dxe4 h5 19. O-O-O Kb7 20. Qg3 Rd8 21.
Qe1 Rd6 22. Rxd6 cxd6 23. Qd2 Rd8 24. c4 Bb4 25. Qe2 Nd4 26. Qe3 Bc5 27. Qd2 e5
28. cxb5 Nxb5 29. Bd5+ Kb6 30. a4 Nc7 31. a5+ Ka7 32. Bc4 Rb8 33. c3 Rb7 34. Qc2
Qf4+ 35. Kd1 g5 36. Be2 Rb8 37. Bc1 Be3 38. g3 1-0

[Event "restantza"]
[Site "http://www.queenalice.com/game.php?id=888248"]
[Date "2011.1.19"]
[Round "-"]
[White "xerxe"]
[Black "vpopa"]
[Result "0-1"]
[WhiteElo "1796"]
[BlackElo "1777"]

1. d4 Nf6 2. c4 d6 3. Nc3 Bf5 4. Bf4 a6 5. b4 Nbd7 6. e3 Ne4 7. Nxe4 Bxe4 8. f3
Bg6 9. Bd3 e5 10. dxe5 dxe5 11. Bg3 Bxb4+ 12. Kf2 f5 13. Ne2 Qe7 14. Rb1 O-O 15.
Qb3 Nc5 16. Qc2 Rad8 17. Rhd1 Nxd3+ 18. Rxd3 f4 19. e4 fxg3+ 0-1

[Event "la ochiu' maro"]
[Site "http://www.queenalice.com/game.php?id=927886"]
[Date "2011.4.19"]
[Round "-"]
[White "xerxe"]
[Black "vpopa"]
[Result "0-1"]
[WhiteElo "1778"]
[BlackElo "1791"]

1. e4 d6 2. d4 Nc6 3. Nf3 Bg4 4. c3 a6 5. Be2 Qd7 6. Qd3 h6 7. Be3 Nf6 8. Nbd2
e6 9. O-O d5 10. e5 Bf5 11. exf6 Bxd3 12. Bxd3 gxf6 13. Rfe1 Bg7 14. Nb3 b6 15.
Rac1 O-O 16. c4 Rfe8 17. Nh4 Nb4 18. Bb1 Bf8 19. f4 c5 20. cxd5 Qxd5 21. Nf3
Rac8 22. Red1 c4 23. Nbd2 b5 24. Ne4 Be7 25. b3 Nd3 26. Nc3 Qf5 27. Ne1 b4 28.
Ne2 Qa5 29. Nxd3 cxd3 30. Bxd3 Rxc1 31. Rxc1 Qxa2 32. Rc6 Qxb3 0-1

[Event "papareliano"]
[Site "http://www.queenalice.com/game.php?id=927887"]
[Date "2011.4.19"]
[Round "-"]
[White "vpopa"]
[Black "xerxe"]
[Result "0-1"]
[WhiteElo "1809"]
[BlackElo "1762"]

1. e4 e5 2. Nf3 Nc6 3. Bb5 a6 4. Ba4 Nf6 5. d3 b5 6. Bb3 Bc5 7. Be3 Bxe3 8. fxe3
Bb7 9. h3 O-O 10. Nc3 Kh8 11. Nd5 Nh5 12. Nxe5 Qh4+ 13. Kf1 Nxe5 14. Nc3 Ng3+
15. Kg1 Nxh1 16. Kxh1 f5 17. Qe2 fxe4 18. Nxe4 Bxe4 19. dxe4 Rf2 0-1

[Event "mobutu sese seko"]
[Site "http://www.queenalice.com/game.php?id=927888"]
[Date "2011.4.19"]
[Round "-"]
[White "xerxe"]
[Black "vpopa"]
[Result "0-1"]
[WhiteElo "1749"]
[BlackElo "1820"]

1. d4 Nf6 2. c4 e6 3. Nc3 h6 4. g3 Nc6 5. Bg2 a6 6. Nf3 d5 7. cxd5 exd5 8. O-O
b5 9. Ne5 Nxe5 10. dxe5 Ng4 11. Qxd5 Qxd5 12. Nxd5 Rb8 13. Rd1 Nxe5 14. Nxc7+
Ke7 15. Bf4 f6 16. Be3 Bb7 17. Bc5+ Kf7 18. Bxf8 Rhxf8 19. Bxb7 Rxb7 20. Nxa6
Rc8 21. Rac1 Nc4 22. Rd4 Re7 23. b3 Nb6 24. Rxc8 Nxc8 25. Nc5 Rxe2 26. a4 bxa4
27. bxa4 Re1+ 28. Kg2 Ra1 29. Kf3 Ra2 30. h4 f5 31. Kf4 Rxf2+ 32. Ke3 Ra2 33. g4
Rc2 34. Nd3 fxg4 35. Rxg4 Nd6 36. Nb4 Rc3+ 37. Kd2 Rc5 38. Kd3 Kf6 39. Kd4 Rc4+
40. Kd5 Rxg4 0-1

[Event "chombe"]
[Site "http://www.queenalice.com/game.php?id=927889"]
[Date "2011.4.19"]
[Round "-"]
[White "vpopa"]
[Black "xerxe"]
[Result "1-0"]
[WhiteElo "1806"]
[BlackElo "1763"]

1. e4 e5 2. Bc4 Nf6 3. d3 Bc5 4. h3 Nc6 5. Nf3 O-O 6. Nc3 d6 7. Nd5 Be6 8. Ng5
Nd4 9. c3 Nc6 10. f4 h6 11. Nf3 exf4 12. Bxf4 Bxd5 13. Bxd5 Nxd5 14. exd5 Re8+
15. Kd2 Qf6 16. g3 Ne7 17. Kc2 Nxd5 18. Re1 Nxf4 19. Rxe8+ Rxe8 20. gxf4 Qxf4
21. Ne1 Qf2+ 22. Kb3 b5 23. a3 a5 24. Rc1 a4+ 25. Ka2 Qg3 26. d4 Bb6 27. Nd3
Qxh3 28. Rc2 Qf5 29. Rf2 Qd5+ 30. Kb1 c5 31. Nf4 Qe4+ 32. Ka2 cxd4 33. Re2 dxc3
34. Rxe4 Rxe4 35. Qf3 d5 36. Nxd5 1-0

[Event "as hali salam da' n-am"]
[Site "http://www.queenalice.com/game.php?id=940285"]
[Date "2011.5.19"]
[Round "-"]
[White "xerxe"]
[Black "vpopa"]
[Result "0-1"]
[WhiteElo "1734"]
[BlackElo "1846"]

1. e4 e5 2. Nf3 d6 3. Bc4 h6 4. c3 Nf6 5. Qc2 Bg4 6. d4 Bxf3 7. gxf3 Nbd7 8. f4
Nb6 9. Bb3 Qe7 10. fxe5 dxe5 11. f3 c6 12. Be3 O-O-O 13. Nd2 exd4 14. Bxd4 Nh5
15. O-O-O c5 16. Be3 Qc7 17. Nc4 Rxd1+ 18. Qxd1 f6 19. Na3 a6 20. Be6+ Nd7 21.
Nc4 Nf4 22. Nb6+ Kb8 23. Nxd7+ Ka7 24. Bg4 Bd6 25. Bf5 Rd8 26. Nxf6 gxf6 27. Qb3
Ng2 28. Bf2 Bf4+ 29. Kb1 Ne3 30. c4 Nxf5 31. Rd1 Nd6 32. Qb4 b6 33. Qc3 Ne8 34.
Rg1 Qd6 35. Bg3 Be5 36. Bxe5 fxe5 37. Kc2 Rd7 38. h4 Nf6 39. Rg6 Qd1# 0-1

[Event "Folcsvagăn izbit în zid"]
[Site "http://www.queenalice.com/game.php?id=940551"]
[Date "2011.5.20"]
[Round "-"]
[White "vpopa"]
[Black "xerxe"]
[Result "1-0"]
[WhiteElo "1833"]
[BlackElo "1747"]

1. Nf3 d5 2. d4 Nc6 3. Nc3 Bf5 4. a3 e6 5. Bd2 Bd6 6. Nb5 Nf6 7. Ne5 Nxd4 8.
Nxd6+ Qxd6 9. Nd3 c5 10. e3 Nc6 11. Nf4 d4 12. Bd3 Bxd3 13. Nxd3 O-O 14. h3 e5
15. O-O Rfe8 16. c3 c4 17. Ne1 d3 18. f3 e4 19. f4 Nh5 20. Qxh5 Re6 21. Qb5 Rg6
22. b4 Qd7 23. Qxc4 Qxh3 24. Qxe4 a6 25. Qxd3 Rd8 26. Qe2 Ne7 27. e4 Qd7 28. Nf3
Qc7 29. Rad1 Rgd6 30. f5 g6 31. Nh4 Qd7 32. f6 Nc6 33. Qe3 Ne5 34. Qh6 1-0

[Event "la micul cacarez"]
[Site "http://www.queenalice.com/game.php?id=968440"]
[Date "2011.8.3"]
[Round "-"]
[White "vpopa"]
[Black "xerxe"]
[Result "0-1"]
[WhiteElo "1837"]
[BlackElo "1745"]

1. e4 e5 2. Nf3 Nc6 3. Bb5 a6 4. Ba4 Nf6 5. Nc3 b5 6. Bb3 Be7 7. Bxf7+ Kxf7 8.
d3 Rf8 9. h3 d5 10. Ng5+ Kg8 11. Nf3 dxe4 12. dxe4 Qxd1+ 13. Nxd1 Nxe4 14. O-O
Rf6 15. c3 Rg6 16. g3 Bc5 17. Kg2 Ne7 18. Nxe5 Nf5 19. Nxg6 hxg6 20. b4 Bb6 21.
a4 Bb7 22. Kh2 Rd8 23. g4 Nh4 24. f3 Nxf3+ 25. Kh1 Ng3+ 0-1

[Event "te Opelesc"]
[Site "http://www.queenalice.com/game.php?id=968441"]
[Date "2011.8.3"]
[Round "-"]
[White "xerxe"]
[Black "vpopa"]
[Result "1-0"]
[WhiteElo "1738"]
[BlackElo "1844"]

1. d4 d5 2. c4 Nf6 3. Nc3 h6 4. cxd5 Bf5 5. Qa4+ Nbd7 6. f3 Bg6 7. e4 a6 8. e5
b5 9. Qd1 b4 10. Na4 Nxd5 11. Bc4 N7b6 12. Nxb6 cxb6 13. a3 e6 14. Ne2 f6 15.
axb4 b5 16. Bb3 Bf7 17. O-O Bxb4 18. Bd2 a5 19. Bxb4 Ne3 20. Qd3 Nxf1 21. Qxb5+
Qd7 22. Rxa5 Qxb5 23. Rxa8+ Kd7 24. Ba4 Qxa4 25. Rxa4 Ne3 26. Bd6 fxe5 27. dxe5
Kc6 28. Kf2 Nf5 29. Nd4+ Nxd4 30. Rxd4 Be8 31. Ke3 Bd7 32. Rd1 Ra8 33. Kd4 Ra4+
34. Kc3 Kb5 35. Rd4 Ra1 36. Rb4+ Ka6 37. Kc4 Rc1+ 38. Kd3 Bb5+ 39. Kd2 1-0

[Event "wir leben Schach"]
[Site "http://www.queenalice.com/game.php?id=968442"]
[Date "2011.8.3"]
[Round "-"]
[White "vpopa"]
[Black "xerxe"]
[Result "1-0"]
[WhiteElo "1831"]
[BlackElo "1751"]

1. Nf3 d5 2. d4 Nf6 3. h3 e6 4. a3 c5 5. Nc3 Nc6 6. Bg5 Be7 7. dxc5 Bxc5 8. e3
O-O 9. Bd3 Be7 10. Bxf6 Bxf6 11. O-O e5 12. Nd2 e4 13. Bb5 Qc7 14. Nxd5 Qe5 15.
Nxf6+ Qxf6 16. Nxe4 Qg6 17. Qf3 Ne5 18. Qf4 f6 19. Kh2 Kh8 20. c3 Bf5 21. f3
Rfd8 22. Rf2 a6 23. Ba4 Nd3 24. Qc7 Nxf2 25. Nd6 Be6 26. Nxb7 Qf7 27. Qxf7 Bxf7
28. Nxd8 Rxd8 29. Kg3 Rd2 30. b4 Nd3 31. e4 Ne5 32. h4 g5 33. hxg5 fxg5 34. b5
axb5 35. Bxb5 Rc2 36. a4 Rxc3 37. a5 1-0

[Event "ale ale!ale ale! ale ale alehin!"]
[Site "http://www.queenalice.com/game.php?id=968443"]
[Date "2011.8.3"]
[Round "-"]
[White "xerxe"]
[Black "vpopa"]
[Result "1-0"]
[WhiteElo "1724"]
[BlackElo "1858"]

1. e4 e5 2. Nf3 d6 3. Bc4 h6 4. Nc3 Nf6 5. O-O b6 6. d3 a6 7. Be3 Be6 8. Bxe6
fxe6 9. Nh4 Nc6 10. f4 Ng4 11. Qxg4 1-0

[Event "nimzowitsch pe motorina"]
[Site "http://www.queenalice.com/game.php?id=968444"]
[Date "2011.8.3"]
[Round "-"]
[White "xerxe"]
[Black "vpopa"]
[Result "0-1"]
[WhiteElo "1765"]
[BlackElo "1817"]

1. e4 e6 2. d4 Bb4+ 3. c3 Ba5 4. Nf3 h6 5. Bd3 Qe7 6. Be3 Nf6 7. O-O a6 8. Nbd2
d6 9. b4 Bb6 10. Qa4+ Bd7 11. Qc2 Bc6 12. Rfe1 d5 13. exd5 Nxd5 14. Ne4 Nxe3 15.
Rxe3 Ba7 16. Rae1 b5 17. Nc5 Bxc5 18. bxc5 Bb7 19. Qe2 c6 20. c4 b4 21. d5 cxd5
22. cxd5 Bxd5 23. Bc4 Qxc5 24. Ne5 Ra7 25. Bxd5 Qxd5 26. f4 O-O 27. Rd1 Qc5 28.
Kh1 a5 29. Rg3 f6 30. Ng4 Kh7 31. Qe4+ Qf5 32. Qd4 Rd7 33. Qa1 Rfd8 34. Rxd7
Rxd7 35. Ne3 Qxf4 0-1